[Event "Pirc mem"]
[Site "Maribor"]
[Date "1993.??.??"]
[Round "?"]
[White "Riegler, Primoz"]
[Black "Grosar, Aljosa"]
[Result "1-0"]
[WhiteElo "2235"]
[BlackElo "2480"]

1.e4 c5 2.Nf3 a6 3.Nc3 e6 4.d4 cxd4 5.Nxd4 d6 6.Bc4 Nf6 7.Bb3 b5 8.O-O Be7
9.Qf3 Qc7 10.Qg3 O-O 11.Re1 b4 12.Na4 Nc6 13.Nxc6 Qxc6 14.Bh6 Ne8 15.c3 a5
16.Rac1 Qb7 17.Be3 Nf6 18.Bh6 Ne8 19.Be3 bxc3 20.Nxc3 Bd7 21.Ba4 Bxa4 22.Nxa4 Bf6
23.f3 Ra6 24.Qf2 Nc7 25.Rc2 Rc6 26.Rec1 Rxc2 27.Qxc2 Nb5 28.Qc6 Qb8 29.Qc4 d5
30.exd5 exd5 31.Qxd5 Rd8 32.Qc4 Qe5 33.Qc5 Rd5 34.Qc8+ Rd8 35.Bb6 Rf8 36.Qc4 h6
37.Bc5 Rb8 38.b3 Nd6 39.Qa6 Nf5 40.Bf2 Re8 41.Re1 Qb8 42.Qxa5 Nd4 43.Rxe8+ Qxe8
44.Qd2 Nb5 45.Nc5 Nc3 46.a4 Qc6 47.Qd7 Qa8 48.b4 Nd5 49.b5 Nb6 50.Qd1 Bc3
51.Qb3 Ba5 52.h3 Qc8 53.Nd3 Qc7 54.f4 h5 55.h4 Bd2 56.g3 Ba5 57.Ne5 Nc8 58.Qc4 Qb7
59.Qc6 Qb8 60.Nd7 Qd6 61.Qxc8+ Kh7 62.Qc2+ Kg8 63.Ne5  1-0

[Event "Martinez Valle op"]
[Site "Martinez Valle"]
[Date "1993.??.??"]
[Round "6"]
[White "Zarnicki, Pablo"]
[Black "Giardelli, Sergio C"]
[Result "1-0"]
[WhiteElo "2470"]
[BlackElo "2425"]

1.e4 c5 2.Nf3 e6 3.d4 cxd4 4.Nxd4 a6 5.Nc3 Qc7 6.Bd3 b5 7.O-O Bb7 8.Re1 d6
9.Bg5 Nd7 10.a4 bxa4 11.Rxa4 Be7 12.Bxe7 Nxe7 13.Nb3 O-O 14.Qa1 Qb6 15.Qa3 Ne5
16.Na5 Nxd3 17.cxd3 Bc6 18.Nc4 Qd4 19.Ra5 Rfd8 20.Ne2 Qa7 21.Nxd6 Qd7 22.e5 Ng6
23.d4 f6 24.Nc3 Nf4 25.Nce4 f5 26.Qg3 Bxe4 27.Qxf4 Bd5 28.Rc1 Rdb8 29.Rac5 h6
30.Rc7 Qd8 31.Nf7  1-0

[Event "Merida"]
[Site "Merida"]
[Date "1993.??.??"]
[Round "2"]
[White "Van Riemsdijk, Herman C"]
[Black "Zapata, Alonso"]
[Result "0-1"]
[WhiteElo "2400"]
[BlackElo "2580"]

1.e4 c5 2.Nf3 e6 3.d4 cxd4 4.Nxd4 a6 5.Nc3 Nc6 6.g3 Nge7 7.Be3 Nxd4 8.Bxd4 Nc6
9.Bg2 Qc7 10.O-O Nxd4 11.Qxd4 f6 12.Na4 b5 13.Nb6 Rb8 14.Nxc8 Rxc8 15.c3 Bc5
16.Qd3 O-O 17.a4 Qb6 18.axb5 Qxb5 19.Qxb5 axb5 20.Rfd1 Rc7 21.Bf1 b4 22.Bb5 bxc3
23.bxc3 Rd8 24.Kg2 Kf7 25.f4 Ke7 26.Ra6 Rb8 27.c4 g6 28.Kf3 h6 29.Rd2 f5
30.Rda2 Rf8 31.Ra8 Rcc8 32.Rxc8 Rxc8 33.Rd2 d6 34.Ra2 Kf6 35.Ra6 g5 36.exf5 Kxf5
37.g4+ Kf6 38.Ra2 Rf8 39.Re2 Ra8 40.fxg5+ hxg5 41.Bd7 Ra3+ 42.Kg2 Ra7 43.Bc8 Rc7
44.Ba6 Bd4 45.Rd2 Be5 46.Rf2+ Ke7 47.Bb5 Ra7 48.h3 Bd4 49.Rd2 Be3 50.Rd3 Ra2+
51.Kf1 Rf2+ 52.Ke1 Bc5 53.Ba6 Ra2 54.Bb5 Kf6 55.Kd1 Ke5 56.Rf3 Kd4 57.Be8 e5
58.Bg6 e4 59.Rf8 Kd3 60.Kc1 Rc2+ 61.Kb1 Rxc4 62.Re8 d5 63.Rd8 Rb4+ 64.Ka2 Kc2
65.Ra8 Rb2+ 66.Ka1 Rb1+ 67.Ka2 Bd4  0-1

[Event "Minsk"]
[Site "Minsk"]
[Date "1993.??.??"]
[Round "?"]
[White "Zaitsev, Igor A"]
[Black "Golod, Vitali"]
[Result "0-1"]
[WhiteElo "2450"]
[BlackElo "2485"]

1.e4 c5 2.Nf3 e6 3.Nc3 a6 4.d4 cxd4 5.Nxd4 Qc7 6.g3 Nf6 7.Bg2 d6 8.O-O Bd7
9.Re1 Be7 10.Qe2 O-O 11.Bf4 Nc6 12.Nxc6 Bxc6 13.Rad1 Rfe8 14.e5 dxe5 15.Bxe5 Qb6
16.Bxc6 Qxc6 17.Ne4 Qxe4 18.Qxe4 Nxe4 19.Rxe4 Red8 20.Rxd8+ Rxd8 21.Rc4 f6
22.Rc7 Rd1+ 23.Kg2 Bd8 24.Rxb7 fxe5 25.c4 e4 26.c5 Kf8 27.b4 Rd2 28.Ra7  0-1

[Event "Mlada Boleslav op"]
[Site "Mlada Boleslav"]
[Date "1993.??.??"]
[Round "?"]
[White "Krupkova, Petra"]
[Black "Voloshin, Leonid"]
[Result "0-1"]
[WhiteElo "2200"]
[BlackElo "2410"]

1.e4 c5 2.Nf3 e6 3.d4 cxd4 4.Nxd4 a6 5.Nc3 Qc7 6.Bd3 Nf6 7.O-O Be7 8.Be3 O-O
9.a4 Nc6 10.Kh1 d6 11.f4 Nxd4 12.Bxd4 e5 13.Be3 exf4 14.Bxf4 Be6 15.Qd2 Nd7
16.Nd5 Bxd5 17.exd5 Bf6 18.c3 Be5 19.Rae1 Bxf4 20.Rxf4 Ne5 21.Bc2 g6 22.h3 f5
23.Qf2 Rf7 24.Rf1 Re8 25.Qd4 Qe7 26.b4 Rc8 27.Bb3 a5 28.Re1 Qf6 29.bxa5 g5
30.Rff1 f4 31.c4 Kg7 32.Rc1 Rc5 33.Rc3 Ng6 34.Qd2 Re7 35.Bd1 Rec7 36.Be2 Ne7
37.Rb3 Nf5 38.Kg1 Qd4+ 39.Qxd4+ Nxd4 40.Rb2 Rxa5 41.Bd3 Rxa4 42.Rfb1 Ra7
43.Rb6 Rd7 44.R1b2 Kf6 45.c5 Ke5 46.Rxd6 Rxd6 47.cxd6 Kxd6 48.Bxh7 b5 49.Bd3 Kc5
50.Kf2 b4 51.d6 b3 52.Bb1 Kxd6 53.g3 Kc5 54.gxf4 gxf4 55.Rd2 Ra8 56.Rd1 Rh8
57.Kg2 Rg8+ 58.Kf2 Rh8 59.Kg2 f3+ 60.Kg3 Rg8+ 61.Kf4 f2 62.Rf1 Rg1  0-1

[Event "Mravinci"]
[Site "Mravinci"]
[Date "1993.??.??"]
[Round "?"]
[White "Matkovic, Tonci"]
[Black "Franic, Milan"]
[Result "0-1"]
[WhiteElo "2285"]
[BlackElo "2385"]

1.e4 c5 2.Nf3 e6 3.d4 cxd4 4.Nxd4 a6 5.Nc3 b5 6.Be3 Bb7 7.Bd3 Ne7 8.O-O Nec6
9.Nxc6 Nxc6 10.f4 Be7 11.Qg4 O-O 12.a3 f6 13.Rf3 Rc8 14.Rh3 Rf7 15.Rf1 g6
16.Rg3 Qf8 17.Kh1 Bc5 18.Bc1 Bd4 19.f5 Ne5 20.Qh5 Bxc3 21.bxc3 Rg7 22.Qe2 Qe7
23.Bh6 Rf7 24.fxg6 hxg6 25.Bf4 Kg7 26.Qd2 Rh8 27.Kg1 Rh4 28.h3 Qc5+ 29.Kh1 Nc4
30.Qe1 Qh5 31.Kg1 e5 32.Bc1 Nd6 33.Re3 Rf4 34.Rxf4 exf4 35.Re2 Qe5 36.Qf2 g5
37.Qd4 Re7 38.a4 bxa4 39.Ba3 Re6 40.Qa7 Bc6 41.Qb8 Qxc3 42.Bb2 Qc5+ 43.Kh2 Re8  0-1

[Event "Sportland NRW-Cup"]
[Site "Muenster"]
[Date "1993.??.??"]
[Round "3"]
[White "Edelman, Daniel"]
[Black "Telljohann, Sven"]
[Result "1-0"]
[WhiteElo "2415"]
[BlackElo "2370"]

1.e4 c5 2.Nf3 e6 3.d4 cxd4 4.Nxd4 a6 5.Nc3 Qc7 6.Bd3 Bc5 7.Nb3 Ba7 8.Qg4 Kf8
9.Bf4 d6 10.Qe2 Nc6 11.O-O-O Nge7 12.Bg3 e5 13.f4 Be6 14.Rhf1 b5 15.fxe5 dxe5
16.Nd5 Bxd5 17.exd5 Nxd5 18.Be4 Nde7 19.Qf3 f6 20.Bh4 Qb6 21.Rd3 Rd8 22.Bxf6 Rxd3
23.Bxe7+ Kxe7 24.Qf7+ Kd8 25.Bxd3 Qc7 26.Qh5 Nb4 27.Be4 Be3+ 28.Kb1 Kc8 29.Qh3+  1-0

[Event "Muenster op"]
[Site "Muenster"]
[Date "1993.??.??"]
[Round "3"]
[White "Schaefer, Markus"]
[Black "Stangl, Markus"]
[Result "1/2-1/2"]
[WhiteElo "2455"]
[BlackElo "2525"]

1.e4 c5 2.Nf3 e6 3.d4 cxd4 4.Nxd4 a6 5.Nc3 d6 6.Bd3 b5 7.a3 Bb7 8.O-O Nf6
9.f4 Nbd7 10.Kh1 Be7 11.Qe2 Nc5 12.b4 Nxd3 13.cxd3 O-O 14.Bb2 Nd7 15.Rac1 Qb6
16.Nb3 Rac8 17.d4 Nf6 18.d5 exd5 19.Nxd5 Nxd5 20.exd5 Rxc1 21.Rxc1 Bxd5 22.Qxe7 Bxb3
23.Bxg7 Kxg7 24.Qg5+ Kh8 25.Qf6+ Kg8 26.Qg5+  1/2-1/2

[Event "Sportland NRW-Cup"]
[Site "Muenster"]
[Date "1993.??.??"]
[Round "4"]
[White "Edelman, Daniel"]
[Black "Bosboom, Manuel"]
[Result "1/2-1/2"]
[WhiteElo "2415"]
[BlackElo "2440"]

1.e4 c5 2.Nf3 e6 3.d4 cxd4 4.Nxd4 a6 5.Nc3 Qc7 6.Bd3 Nf6 7.O-O b5 8.Qe2 b4
9.Na4 Bb7 10.Bg5 Nc6 11.Nb3 Ne5  1/2-1/2

[Event "Muenster op"]
[Site "Muenster"]
[Date "1993.??.??"]
[Round "4"]
[White "Beckemeier, Werner"]
[Black "Babar, Frank"]
[Result "1-0"]
[WhiteElo "2390"]
[BlackElo "2230"]

1.e4 c5 2.Nf3 e6 3.d4 cxd4 4.Nxd4 a6 5.Nc3 Qc7 6.Bd3 Nf6 7.O-O Nc6 8.Nxc6 dxc6
9.f4 Bc5+ 10.Kh1 e5 11.f5 Bd7 12.Qe2 O-O-O 13.a4 g6 14.Bg5 Nh5 15.Bxd8 Qxd8
16.Qf3 Qg5 17.a5 Rg8 18.Na4 Ba7 19.Nb6+ Bxb6 20.axb6 gxf5 21.exf5 Nf4 22.Be4 h5
23.g3 Nd5 24.Bxd5 cxd5 25.Qc3+ Bc6 26.Qxe5 d4+ 27.Kg1 Qe3+ 28.Qxe3 dxe3 29.Rfe1 Re8
30.Ra3  1-0

[Event "Muenster op"]
[Site "Muenster"]
[Date "1993.??.??"]
[Round "5"]
[White "Coenen, Norbert"]
[Black "Stangl, Markus"]
[Result "0-1"]
[WhiteElo "2305"]
[BlackElo "2525"]

1.e4 c5 2.Nf3 e6 3.d4 cxd4 4.Nxd4 a6 5.Nc3 d6 6.Be2 b5 7.a4 b4 8.Na2 Bb7
9.Bd3 Nf6 10.Qe2 Be7 11.O-O a5 12.c3 bxc3 13.Nxc3 O-O 14.Rd1 Nbd7 15.Ndb5 Qb8
16.Bf4 Rd8 17.Rac1 Ne5 18.Bb1 Ra6 19.Ba2 Rc8 20.f3 Ng6 21.Be3 Rd8 22.Qf2 Nd7
23.Rc2 Nc5 24.Bc4 Rc6 25.b3 Ne5 26.Nd4 Rcc8 27.Bb5 Bf6 28.Na2 d5 29.Rxc5 Rxc5
30.Nxe6 fxe6 31.Bxc5 dxe4 32.Rxd8+ Qxd8 33.f4 Nd3 34.Bb6 Qd6 35.Qe3 Nxf4
36.h3 Qd1+ 37.Kh2 Be5 38.Qc5 Nd3+  0-1

[Event "Munich op9293"]
[Site "Munich"]
[Date "1993.??.??"]
[Round "1"]
[White "Ehrke, Anja"]
[Black "Spassov, Liuben"]
[Result "1-0"]
[WhiteElo "2200"]
[BlackElo "2410"]

1.e4 c5 2.Nf3 e6 3.d4 cxd4 4.Nxd4 a6 5.Nc3 Qc7 6.a3 b5 7.f4 Bb7 8.Bd3 d6
9.Be3 Nf6 10.Qf3 Be7 11.O-O O-O 12.Qh3 Nbd7 13.Rae1 Nc5 14.Bf2 Nxd3 15.cxd3 Rad8
16.Kh1 Qd7 17.Bh4 Kh8 18.Nf3 Ng8 19.e5 Bxh4 20.Qxh4 Ne7 21.Ne4 Ng6 22.Qg3 dxe5
23.Nxe5 Nxe5 24.fxe5 Bxe4 25.dxe4 Qd2 26.Qh4 Qxb2 27.Rxf7 Qxa3 28.Ref1 Kg8
29.Qf4 Qc5 30.h4 a5 31.g4 Qa3 32.g5 Qh3+ 33.Kg1 Qxf1+ 34.Qxf1 Rxf7 35.Qxb5 Rd1+
36.Kg2 Rd2+ 37.Kg3 h5 38.Qe8+ Rf8 39.Qxe6+ Kh7 40.g6+ Kh8 41.Qf7 Rd3+ 42.Kf2 Rb8
43.Qf5 Kg8 44.Qxh5 Rb2+ 45.Ke1 Re3+ 46.Kf1 Reb3 47.Qh7+ Kf8 48.Qh8+ Ke7 49.Qxg7+ Ke8
50.e6 Rb7 51.Qg8+ Ke7 52.Qf7+ Kd6 53.g7 Rb1+ 54.Kg2 R7b2+ 55.Kh3 Rh1+ 56.Kg4 Rg1+
57.Kh5  1-0

[Event "Munich op9293"]
[Site "Munich"]
[Date "1993.??.??"]
[Round "1"]
[White "Guenther, Carsten"]
[Black "Bischoff, Klaus"]
[Result "0-1"]
[WhiteElo "2295"]
[BlackElo "2510"]

1.e4 c5 2.Nf3 e6 3.d4 cxd4 4.Nxd4 a6 5.Nc3 Qc7 6.Be2 Nf6 7.O-O d6 8.Be3 b5
9.a3 Bb7 10.f3 Be7 11.Kh1 O-O 12.Qe1 Nbd7 13.Qf2 Rfe8 14.Rfd1 Bf8 15.Rac1 Ne5
16.Bg5 Nfd7 17.f4 Nc4 18.Bxc4 Qxc4 19.f5 h6 20.Bh4 Nc5 21.f6 g6 22.Qe1 b4
23.axb4 Qxb4 24.e5 dxe5 25.Qxe5 Rad8 26.Nce2 Ne4 27.c3 Qb6 28.b4 Bd6 29.Qa5 Qxa5
30.bxa5 Bc7 31.Rb1 Ba8 32.Ra1 Rd5 33.Nb3 Rh5 34.Rd7 Be5 35.Be1 Nxf6 36.Ra7 Rxh2+
37.Kg1 Rxg2+ 38.Kf1 Ng4 39.Bd2 Bd5 40.Rb1 Nh2+ 41.Ke1 Bc4 42.Nbd4 Bxd4 43.Nxd4 e5  0-1

[Event "Munich op9293"]
[Site "Munich"]
[Date "1993.??.??"]
[Round "1"]
[White "Stangl, Anita"]
[Black "Robovic, Saudin"]
[Result "0-1"]
[WhiteElo "2145"]
[BlackElo "2395"]

1.e4 c5 2.Nf3 e6 3.d4 cxd4 4.Nxd4 a6 5.Nc3 Qc7 6.Nde2 Nf6 7.Bf4 d6 8.Qd2 Nbd7
9.Rd1 Ne5 10.Ng3 Bd7 11.Bg5 O-O-O 12.Bxf6 gxf6 13.Qd4 Be7 14.f4 Nc6 15.Qf2 Qa5
16.a3 h5 17.Bd3 h4 18.Nf1 f5 19.exf5 d5 20.Qd2 h3 21.g3 Bc5 22.fxe6 Bxe6
23.f5 Nd4 24.Qf4 Bd7 25.Kd2 Nc6 26.Qa4 Qc7 27.Nxd5 Qd6 28.Nfe3 Nd4 29.Qa5 Bc6
30.Be4 Rhe8 31.Nc4 Qh6+ 32.Kc3 Nb5+ 33.Kb3 Kb8 34.a4 Nd4+ 35.Ka2 Bxd5 36.Qxc5 Bxe4
37.Rhe1 Qc6 38.Qxc6 Bxc6 39.c3 Rxe1 40.Rxe1 Nxf5  0-1

[Event "Munich op9293"]
[Site "Munich"]
[Date "1993.??.??"]
[Round "9"]
[White "Lau, Ralf"]
[Black "Spassov, Liuben"]
[Result "1/2-1/2"]
[WhiteElo "2520"]
[BlackElo "2410"]

1.e4 c5 2.Nf3 e6 3.d4 cxd4 4.Nxd4 a6 5.Nc3 Qc7 6.Bd3 Nc6 7.Nxc6 dxc6 8.f4 e5
9.fxe5 Ne7 10.Bf4 Ng6 11.Bg3 Nxe5 12.Qd2 Bd6 13.O-O-O Nxd3+ 14.Qxd3 Bxg3
15.hxg3 Bg4 16.Rdf1 Qd7 17.Rf4 Be6 18.Qe3 O-O-O 19.e5 Kb8 20.b3 Qc7 21.Re1 Rhe8
22.Na4 Bc8 23.Qb6 f6  1/2-1/2

[Event "FRA-ch"]
[Site "Nantes"]
[Date "1993.??.??"]
[Round "14"]
[White "Marciano, David"]
[Black "Lamoureux, Charles"]
[Result "0-1"]
[WhiteElo "2410"]
[BlackElo "2380"]

1.e4 c5 2.Nf3 e6 3.d4 cxd4 4.Nxd4 a6 5.Nc3 Qc7 6.Bd3 Nc6 7.Be3 Nf6 8.O-O b5
9.Nxc6 Qxc6 10.a3 Bb7 11.Qe2 h5 12.f3 Bd6 13.Bd4 Bc5 14.Qf2 Rc8 15.e5 Ng4
16.Be4 Nxf2 17.Bxc6 Nh3+ 18.Kh1 Rxc6  0-1

[Event "USA-chJ New York"]
[Site "New York"]
[Date "1993.??.??"]
[Round "?"]
[White "Kreiman, Boris"]
[Black "Manion, Josh"]
[Result "1-0"]
[WhiteElo "2400"]
[BlackElo "2310"]

1.e4 c5 2.Nf3 e6 3.d4 cxd4 4.Nxd4 a6 5.Nc3 Qc7 6.Be2 Nf6 7.O-O Be7 8.f4 d6
9.Qe1 b5 10.a3 O-O 11.Qg3 Rd8 12.Be3 Nbd7 13.f5 e5 14.Bh6 Bf8 15.Ne6 fxe6
16.fxe6 Kh8 17.exd7 Qxd7 18.Bg5 Be7 19.Bxf6 Bxf6 20.Nd5 Rf8 21.c4 bxc4 22.Bxc4 Qa7+
23.Qf2 Be6 24.Qxa7 Rxa7 25.Rad1 Rb8 26.b3 Bxd5 27.Rxd5 Rb6 28.Ra5 h6 29.Kf2 Kh7
30.Ke2 Rc6 31.Kd3 Bd8 32.Ra4 a5 33.Bd5 Rc8 34.Rf8 Rb8 35.b4 Ra6 36.b5 Ra7
37.b6 Rd7 38.b7 Bc7 39.Rxb8 Bxb8 40.Rxa5 Rd8 41.Ra8  1-0

[Event "New York op"]
[Site "New York"]
[Date "1993.??.??"]
[Round "1"]
[White "Wagman, Stuart"]
[Black "Tolnai, Tibor"]
[Result "1/2-1/2"]
[WhiteElo "2205"]
[BlackElo "2500"]

1.e4 c5 2.Nf3 e6 3.d4 cxd4 4.Nxd4 a6 5.Nc3 Qc7 6.g3 Nc6 7.Bg2 Nf6 8.O-O Be7
9.Re1 Nxd4 10.e5 Nb5 11.exf6 Nxc3 12.fxg7 Rg8 13.Qd3 Rxg7 14.bxc3 Rb8 15.Rb1 Bc5
16.Re4 b5 17.Rh4 f5 18.Bf4 d6 19.Re1 Kf7 20.Rh6 Kg8 21.Rhxe6 Bxe6 22.Rxe6 Rg6
23.Bd5 Kh8 24.Qxf5 Qg7 25.Rxg6 hxg6 26.Qh3+ Qh7 27.Qe6 Rf8 28.Bxd6 Bxd6 29.Qxd6 Qg7
30.c4 Rf6 31.Qd8+ Kh7 32.Bg8+ Kh6 33.Qd2+ g5 34.Bd5 bxc4 35.Bxc4  1/2-1/2

[Event "New York Enhance"]
[Site "New York"]
[Date "1993.??.??"]
[Round "4"]
[White "Klovsky, Rafail"]
[Black "Vucic, Mladen"]
[Result "1/2-1/2"]
[WhiteElo "2365"]
[BlackElo "2425"]

1.e4 c5 2.Nf3 e6 3.Nc3 a6 4.d4 cxd4 5.Nxd4 d6 6.Bd3 Nc6 7.Nxc6 bxc6 8.O-O Nf6
9.f4 Be7 10.Kh1 d5 11.Qe2 Qc7 12.b3 O-O 13.Bb2 g6 14.Rae1 d4 15.Nb1 c5 16.Nd2 Bb7
17.Nc4 Nh5 18.Bc1 Bh4 19.Rd1 f5 20.Ne5 Bg3 21.exf5 exf5 22.c3 Qe7 23.Nxg6 Qxe2
24.Bxe2 hxg6 25.Bxh5 gxh5 26.hxg3 Rfe8 27.cxd4 Re2 28.d5 Rae8 29.Kg1 Kf7
30.Rf2  1/2-1/2

[Event "Nis op"]
[Site "Nis"]
[Date "1993.??.??"]
[Round "?"]
[White "Djoric, Dusan"]
[Black "Rajkovic, Dusan"]
[Result "0-1"]
[WhiteElo "2350"]
[BlackElo "2455"]

1.e4 c5 2.Nf3 e6 3.Nc3 a6 4.d4 cxd4 5.Nxd4 Nc6 6.Be3 Qc7 7.Bd3 b5 8.O-O Bb7
9.Kh1 Nf6 10.Qe2 Be7 11.f4 d6 12.Nxc6 Bxc6 13.Bd4 e5 14.fxe5 dxe5 15.Bf2 b4
16.Nd1 O-O 17.Bh4 Ne8 18.Bxe7 Qxe7 19.a3 a5 20.axb4 Qxb4 21.Qe1 Qxe1 22.Rxe1 Nd6
23.Nc3 a4 24.Kg1 g6 25.Kf2 Kg7 26.g3 Rfc8 27.Ra2 Nb7 28.Rea1 Nc5 29.Ke3 Rab8
30.Nd1 Rb4 31.c3 Rb7 32.Bc2 Bd7 33.Bxa4 Nxa4 34.Rxa4 Bxa4 35.Rxa4 Rd8 36.Ra1 Rbd7
37.Ke2 Rd2+ 38.Ke1 Rg2 39.Ne3 Rxb2 40.Nd5 Rxh2 41.Rc1 Ra8 42.c4 Raa2  0-1

[Event "NLD-ch"]
[Site "?"]
[Date "1993.??.??"]
[Round "?"]
[White "Martens, Martin"]
[Black "Van Mil, Johannes A J"]
[Result "1/2-1/2"]
[WhiteElo "2440"]
[BlackElo "2435"]

1.e4 c5 2.Nf3 e6 3.Nc3 a6 4.d4 cxd4 5.Nxd4 Nc6 6.g3 Nxd4 7.Qxd4 Ne7 8.Bg2 Nc6
9.Qd2 b5 10.O-O Bb7 11.b3 Be7 12.Bb2 O-O 13.a4 b4 14.Nd1 Bc5 15.Ne3 d6 16.Kh1 Qe7
17.f4 Rad8 18.Rae1 f6 19.g4 Qf7 20.Rf3 Ne7 21.Rff1 d5 22.exd5 Nxd5 23.Nxd5 Bxd5
24.Qe2 Bxg2+ 25.Kxg2 Rd6 26.Rd1 Rfd8 27.Rxd6 Rxd6 28.Rd1 Qb7+ 29.Kg3 Rxd1
30.Qxd1 Qe4 31.Qd8+ Kf7 32.Qd7+ Be7 33.Qd3 Qe1+ 34.Kg2 Bc5  1/2-1/2

[Event "NOR-ch"]
[Site "?"]
[Date "1993.??.??"]
[Round "4"]
[White "Djurhuus, Rune"]
[Black "Ostenstad, Berge"]
[Result "0-1"]
[WhiteElo "2460"]
[BlackElo "2465"]

1.e4 c5 2.Nf3 e6 3.d4 cxd4 4.Nxd4 a6 5.Nc3 Qc7 6.Be2 b5 7.f4 Bb7 8.Bf3 Bb4
9.Qd3 Nf6 10.O-O Bxc3 11.bxc3 O-O 12.e5 Nd5 13.Be4 f5 14.exf6 Nxf6 15.Bxb7 Qxb7
16.Ba3 Rc8 17.Rae1 Nc6 18.Nf3 Qb6+ 19.Kh1 Qa5 20.Bd6 Qxa2 21.Be5 Qc4 22.Qd2 Nxe5  0-1

[Event "Oberwart op"]
[Site "Oberwart"]
[Date "1993.??.??"]
[Round "5"]
[White "Neumeier, Klaus"]
[Black "Tolnai, Tibor"]
[Result "0-1"]
[WhiteElo "2330"]
[BlackElo "2490"]

1.e4 c5 2.Nf3 e6 3.d4 cxd4 4.Nxd4 a6 5.Nc3 Qc7 6.g3 Nc6 7.Bg2 d6 8.O-O Bd7
9.Re1 Be7 10.Nxc6 Bxc6 11.Qg4 h5 12.Qe2 h4 13.Qg4 hxg3 14.hxg3 g6 15.a4 Nf6
16.Qe2 Kf8 17.Be3 Kg7 18.Bd4 e5 19.Be3 Rh7 20.Bg5 Rah8 21.Bxf6+ Kxf6 22.Qc4 Kg7
23.b4 Rc8 24.b5 Qa5 25.Qd3 Bxb5 26.Nxb5 axb5 27.axb5 Qb6 28.Qe3 Bd8 29.Qxb6 Bxb6
30.Ra2 Rc3 31.Kf1 Bd4 32.Rb1 Rh8 33.Rb3 Rc5 34.b6 Rc6 35.c3 Bxb6 36.Rab2 Ba5
37.Rxb7 Bxc3 38.Rc2 Rc5 39.Bf3 Bd4 40.Rxc5 dxc5 41.Rc7 Rb8 42.Be2 Rb2 43.f4 Rc2
44.f5 gxf5 45.exf5 Kf6 46.g4 e4 47.Ke1 Bc3+ 48.Kf1 Be5 49.Rc8 Kg5 50.Ra8 Kf4
51.Ra4 Bd4 52.Rc4 Rb2 53.Rc1 f6 54.Ke1 Ke3 55.Bf1 Kf3 56.g5 fxg5 57.f6 Bxf6
58.Bc4 Rh2 59.Bf1 Bd4 60.Rb1 e3 61.Rb3 Ra2 62.Rb1 Bc3+ 63.Kd1 e2+ 64.Bxe2+ Rxe2
65.Rb2 Rxb2  0-1

[Event "Odorheiu Secuiesc op"]
[Site "Odorheiu Secuiesc"]
[Date "1993.??.??"]
[Round "1"]
[White "Radu, Mircea"]
[Black "Nevednichy, Boris M"]
[Result "1/2-1/2"]
[WhiteElo "2185"]
[BlackElo "2330"]

1.e4 c5 2.Nf3 e6 3.d4 cxd4 4.Nxd4 a6 5.Nc3 Qc7 6.g3 Nf6 7.Bg2 Nc6 8.O-O Nxd4
9.Qxd4 Bc5 10.Bf4 d6 11.Qd2 e5 12.Bg5 Be6 13.Bxf6 gxf6 14.Nd5 Bxd5 15.Qxd5 h5
16.c3 h4 17.Rad1 hxg3 18.hxg3 Ke7 19.Rd3 Rad8 20.b4 Ba7 21.Rfd1 Rh6 22.R1d2 Rd7
23.Bf3 Rd8 24.a4 Qc6 25.a5 Qxd5 26.Rxd5 Rg6 27.Kg2 Rg5 28.R5d3 Rgg8 29.Bd1 Rd7
30.Ba4 Rdd8 31.Bb3 Rd7 32.Bd5 Rc8 33.Rd1 Rdc7 34.Rh1 b6 35.axb6 Bxb6 36.c4 a5
37.bxa5 Bxa5 38.Rf3 Bd2 39.Rh7 Rf8 40.Ra3 Bb4 41.Ra2 Bc5 42.f4 exf4 43.gxf4 Ra7
44.Rxa7+ Bxa7 45.Kf3 Bc5 46.Kg4 Bd4 47.Kf5 Bb2 48.Rh3 Rb8 49.Rh2 Bd4 50.Rd2 Bc5
51.Rd1 Rb2 52.Rh1 Rb8 53.Ra1 Bd4 54.Ra5 Be3 55.Kg4 Rg8+ 56.Kf3 Bb6 57.Rb5 Rb8
58.Rb1 Ba7 59.Rh1 Bc5 60.Rh7 Rf8 61.f5 Bd4 62.Ke2 Be5 63.Kd3 Bb2 64.Kc2 Be5
65.Kb3 Bf4 66.Ka4 Be5 67.Kb5 Bf4 68.Kc6  1/2-1/2

[Event "Osijek"]
[Site "Osijek"]
[Date "1993.??.??"]
[Round "3"]
[White "Jukic, Branimir"]
[Black "Dizdarevic, Emir"]
[Result "1/2-1/2"]
[WhiteElo "2375"]
[BlackElo "2540"]

1.e4 c5 2.Nf3 e6 3.d4 cxd4 4.Nxd4 a6 5.Nc3 Qc7 6.Be2 b5 7.O-O Nc6 8.Nxc6 dxc6
9.a4 Rb8 10.Be3 Nf6 11.axb5 cxb5 12.e5 Qxe5 13.Ba7 Ra8 14.Bd4 Qb8 15.Bf3 Bb7
16.Be5 Qc8 17.Qe2 Be7 18.Nxb5 Bxf3 19.Qxf3 O-O 20.Nd4  1/2-1/2

[Event "Osijek"]
[Site "Osijek"]
[Date "1993.??.??"]
[Round "5"]
[White "Jukic, Branimir"]
[Black "Lau, Ralf"]
[Result "0-1"]
[WhiteElo "2375"]
[BlackElo "2510"]

1.e4 c5 2.Nf3 e6 3.d4 cxd4 4.Nxd4 a6 5.Nc3 Qc7 6.Be2 b5 7.O-O Bb7 8.Re1 Nc6
9.Nxc6 dxc6 10.e5 Rd8 11.Bd3 c5 12.Qe2 Ne7 13.Bg5 h6 14.Qh5 Rd7 15.Ne4 Ng6
16.Bd2 Qxe5 17.Qg4 h5 18.Qh3 Nf4 19.Bxf4 Qxf4 20.Nc3 Qg4 21.Qxg4 hxg4 22.Bf5 Rd4
23.Ne2 Rd2 24.Ng3 Bd6 25.Rac1 Rh4 26.Nf1 Bxh2+ 27.Nxh2 g3 28.Ng4 Rxg4  0-1

[Event "Osijek"]
[Site "Osijek"]
[Date "1993.??.??"]
[Round "7"]
[White "Leventic, Ivan"]
[Black "Lau, Ralf"]
[Result "1/2-1/2"]
[WhiteElo "2390"]
[BlackElo "2510"]

1.e4 c5 2.Nf3 e6 3.d4 cxd4 4.Nxd4 a6 5.Nc3 Qc7 6.Bd3 Nc6 7.Nxc6 bxc6 8.O-O d5
9.f4 Nf6 10.Qe2 Be7 11.Kh1 Bb7 12.Bd2 c5 13.b3 dxe4 14.Nxe4 Nxe4 15.Bxe4 Bf6
16.Rad1 O-O 17.Bxb7  1/2-1/2

[Event "Osijek"]
[Site "Osijek"]
[Date "1993.??.??"]
[Round "9"]
[White "Jukic, Branimir"]
[Black "Sulava, Nenad"]
[Result "1-0"]
[WhiteElo "2375"]
[BlackElo "2430"]

1.e4 c5 2.Nf3 e6 3.d4 cxd4 4.Nxd4 a6 5.Nc3 Ne7 6.Be2 Nec6 7.Bf4 d6 8.Nb3 Be7
9.Qd2 Ne5 10.O-O g5 11.Be3 Nbd7 12.a4 b6 13.Nd4 Bb7 14.f4 gxf4 15.Bxf4 Rg8
16.Bh5 Ng6 17.Bg3 Nf6 18.Qe2 Rc8 19.Bf3 Ne5 20.Rad1 Qc7 21.Kh1 Qc4 22.Qf2 Qc5
23.Bh4 Rg6 24.Qe2 Qc4 25.Qe1 Qc7 26.Qe2 Qc4 27.Qe1 Rh6 28.Bg5 Rg6 29.Be2 Qc7
30.Qh4 Qd8 31.Bxf6 Bxf6 32.Qxh7 Ke7 33.Bh5 Rxc3 34.Bxg6 Nxg6 35.bxc3 Bxe4
36.Rxf6 Kxf6 37.Rf1+ Ke5 38.Qh5+ f5 39.Qxg6  1-0

[Event "Ostend op"]
[Site "Ostend"]
[Date "1993.??.??"]
[Round "9"]
[White "Glek, Igor V"]
[Black "Lau, Ralf"]
[Result "1/2-1/2"]
[WhiteElo "2535"]
[BlackElo "2510"]

1.e4 c5 2.Nf3 e6 3.d4 cxd4 4.Nxd4 a6 5.Nc3 Qc7 6.Bd3 Nf6 7.f4 d6 8.O-O g6
9.Kh1 Bg7 10.e5 dxe5 11.Ndb5 axb5 12.Nxb5 Qc5 13.fxe5 Ne4 14.Qe2 Bd7 15.Be3 Qc6
16.Qf3 f5 17.exf6  1/2-1/2

[Event "Oviedo rapid"]
[Site "Oviedo"]
[Date "1993.??.??"]
[Round "3"]
[White "Martinez, F."]
[Black "Stefansson, Hannes"]
[Result "0-1"]
[WhiteElo "2160"]
[BlackElo "2500"]

1.e4 c5 2.Nf3 e6 3.d4 cxd4 4.Nxd4 a6 5.Nc3 Qc7 6.g3 d6 7.Bg2 Be7 8.O-O Nf6
9.h3 O-O 10.Kh2 Nc6 11.f4 Rd8 12.Be3 Nxd4 13.Bxd4 b5 14.a3 Bb7 15.Qe2 Rac8
16.Rad1 Qb8 17.f5 e5 18.Be3 Rxc3 19.bxc3 Nxe4 20.Bxe4 Bxe4 21.Qg4 d5 22.f6 Bf8
23.Bc5 Qc8 24.Bxf8 Qxg4 25.hxg4 Kxf8 26.g5 Rc8 27.Rfe1 h6 28.fxg7+ Kxg7 29.gxh6+ Kxh6
30.Re3 f5 31.Kg1 Kg5 32.Kf2 Rh8 33.Re2 Kg4 34.Rg1 Rc8 35.Re3 a5 36.Ke1 a4
37.Kd2 d4 38.cxd4 exd4 39.Re2 Rxc2+ 40.Kd1 Rc3 41.Ra2 Rb3 42.Ke1 Rb1+ 43.Kf2 Rxg1
44.Kxg1 Kxg3 45.Rd2 d3 46.Kf1 Kf3 47.Ke1 Ke3 48.Rb2 f4 49.Rf2 b4 50.axb4 Bf3
51.Rb2 Be2 52.b5 f3  0-1

[Event "Oviedo rapid"]
[Site "Oviedo"]
[Date "1993.??.??"]
[Round "4"]
[White "Malisauskas, Vidmantas"]
[Black "Urday, Henry"]
[Result "1-0"]
[WhiteElo "2540"]
[BlackElo "2455"]

1.e4 c5 2.Nf3 e6 3.d4 cxd4 4.Nxd4 a6 5.Nc3 Qc7 6.g3 Bb4 7.Ne2 Nf6 8.Bg2 Be7
9.O-O Nc6 10.h3 b5 11.f4 d6 12.g4 Nd7 13.Ng3 O-O 14.g5 Re8 15.f5 Bf8 16.f6 g6
17.h4 Bb7 18.h5 Nde5 19.hxg6 fxg6 20.Nce2 Nd8 21.Nd4 Ndf7 22.c3 d5 23.exd5 Bxd5
24.Bxd5 exd5 25.Qc2 Bc5 26.Qg2 Nc6 27.Bf4 Qb6 28.Kh1 Nxd4 29.cxd4 Bxd4 30.Rae1 Qc6
31.Nf5 Bc5 32.Rc1 Qd7 33.Nh6+ Nxh6 34.gxh6 Rec8 35.f7+ Qxf7 36.Be3 Qe7 37.Qxd5+ Kh8
38.Bg5  1-0

[Event "Paris-ch"]
[Site "Paris"]
[Date "1993.??.??"]
[Round "2"]
[White "Rublevsky, Sergei"]
[Black "Tagnon, Nicole"]
[Result "1-0"]
[WhiteElo "2515"]
[BlackElo "2070"]

1.e4 c5 2.Nf3 e6 3.d4 cxd4 4.Nxd4 a6 5.Nc3 b5 6.Bd3 Bb7 7.O-O Ne7 8.Qg4 Nbc6
9.Nxc6 Nxc6 10.Qg3 Rc8 11.Bf4 g6 12.Nd5 exd5 13.exd5 Ne7 14.d6 Bd5 15.Bg5 Be6
16.Qh4 h6 17.Bf6 Rg8 18.a4 Rc5 19.axb5 g5 20.Qe4 a5 21.Qh7  1-0